• 首页
  • 本馆介绍
  • 公告通知
  • 最新文献
  • 馆藏检索
  • 电子资源
  • 读者导购
  • 参考咨询
  • 我的图书馆
  • 登录
  • 详细信息显示
  • 放入我的书架
  • 预约/预借图书
  • 作者相关作品
  • 分类相关作品
  • 丛书相关作品
  • 出版社相关作品

书目信息

  • 表格格式
  • 工作单格式
  • 卡片格式
题名:
磁记录原理与应用
    
 
作者: 刘景铭 编
分册:  
出版信息: 北京   中国农业机械出版社  1983
页数: 331页
开本: 19cm
丛书名:
单 册:
中图分类: TN946 , TN646
科图分类:
主题词: 磁记录--理论 , 电声器件
电子资源:
ISBN:
000 00682nam0 2200265 45
001 0183005389
005 20040518091259.6
010    @dCNY1.15
091    @a15216.167
100    @a19950408d1983 em y0chiy0121 ea
101 0  @achi
102    @aCN@b110000
105    @ay z 000yy
106    @ar
200 10 @a磁记录原理与应用@Aci ji lu yuan li yu ying yong@f刘景铭编
210    @a北京@c中国农业机械出版社@d1983
215    @a331页@d19cm
606    @a磁记录@x理论
606 0  @a电声器件
690    @aTN946@v3 
690    @aTN646
701  0 @a刘景铭@Aliu jing ming@4编
801  0 @aCN@b上海图书馆@c20040518
801  2 @aCN@bNLC@c20040518
905    @f1@b107141@dTN646@e22
    
    磁记录原理与应用/刘景铭编.-北京:中国农业机械出版社,1983
    331页;19cm
    
    
    ISBN :CNY1.15
    
●
相关链接 在E读中查询图书 在五车中查询图书 在当当中查询图书 在豆瓣中查询图书


正题名:磁记录原理与应用     索取号:TN646/22         预约/预借

序号 登录号 条形码 馆藏地/架位号 状态 备注
1 0107141   001354215   第二样本阅览室/ [索取号:TN646/22] 在馆    
唐山师范学院图书馆 欢迎您!
大连网信软件有限公司© 版权所有